[Event "AUTO-OPEN-4229"]
[Site "http://www.queenalice.com/game.php?id=1647230"]
[Date "2021.3.21"]
[Round "2"]
[White "erig1969"]
[Black "Sirius"]
[Result "0-1"]
[WhiteElo "2102"]
[BlackElo "1699"]

1. d4 d5 2. c4 b6 3. e3 Ba6 4. b3 e6 5. Be2 Bb4+ 6. Bd2 Bxd2+ 7. Nxd2 Nf6 8.
Ngf3 O-O 9. O-O Qd6 10. Rc1 Bb7 11. Qc2 Ne4 12. Nxe4 dxe4 13. Nd2 f5 14. c5 bxc5
15. dxc5 Qe7 16. Bb5 c6 17. Ba4 Nd7 18. b4 Ne5 19. Qd1 Qg5 20. Nc4 Rad8 21. Nd6
Ba6 22. Qd4 Nf3+ 0-1

[Event "AUTO-OPEN-4251"]
[Site "http://www.queenalice.com/game.php?id=1758324"]
[Date "2021.5.2"]
[Round "2"]
[White "Sigmund"]
[Black "erig1969"]
[Result "1-0"]
[WhiteElo "1811"]
[BlackElo "2043"]

1. e4 c5 2. Nf3 a6 3. Nc3 e6 4. Bc4 b5 5. Be2 Bb7 6. d3 g6 7. Bf4 Bg7 8. O-O Bc6
9. d4 cxd4 10. Nxd4 Qb6 11. e5 Ne7 12. Re1 Nd5 13. Qd2 Nxf4 14. Qxf4 O-O 15. Bf3
Bxf3 16. Nxf3 Nc6 17. Rad1 Qc7 18. h3 b4 19. Ne4 Kh8 20. Neg5 f6 21. Ne4 fxe5
22. Qe3 d5 23. Nc5 Qe7 24. Ng5 Nd8 25. f3 d4 26. Qe4 Ra7 27. Nd3 Qxg5 28. Rf1 a5
29. f4 exf4 30. Nxf4 e5 31. Nd3 Rxf1+ 32. Rxf1 Rf7 33. Rxf7 Nxf7 34. Qa8+ Qd8
35. Qb7 Ng5 36. Qb5 Nf7 37. Nc5 Nd6 38. Qa4 e4 39. Ne6 Qb6 40. Kh1 e3 41. Qd7
Nf5 42. Qe8+ 1-0

[Event "AUTO-OPEN-4251"]
[Site "http://www.queenalice.com/game.php?id=1758325"]
[Date "2021.5.2"]
[Round "2"]
[White "erig1969"]
[Black "Sigmund"]
[Result "0-1"]
[WhiteElo "2089"]
[BlackElo "1785"]

1. d4 d5 2. c4 c6 3. Nf3 Nf6 4. Bg5 Nbd7 5. e3 a6 6. b4 Ne4 7. Bh4 Ndf6 8. Bxf6
Nxf6 9. cxd5 Nxd5 10. a3 Bf5 11. Qc1 e6 12. Nc3 Bd6 13. Be2 Qc7 14. g3 O-O-O 15.
Na4 f6 16. Nc5 e5 17. a4 Nxb4 18. a5 Rhe8 19. dxe5 Bxc5 20. O-O Ba7 21. exf6
gxf6 22. Nh4 Be4 23. Bg4+ Kb8 24. Nf5 Re5 25. Nh4 f5 26. Bh3 Nd3 27. Qa3 Bc5 28.
Qa4 Nxf2 29. Rxf2 Bxe3 30. Qa2 Rd2 31. Qg8+ Ka7 32. Rf1 Qxa5 33. Qf7 Bxf2+ 34.
Rxf2 Qa1+ 35. Rf1 Qd4+ 0-1

[Event "AUTO-OPEN-4251"]
[Site "http://www.queenalice.com/game.php?id=1758334"]
[Date "2021.5.2"]
[Round "2"]
[White "erig1969"]
[Black "pizzaiolo72"]
[Result "0-1"]
[WhiteElo "2060"]
[BlackElo "2039"]

1. d4 d5 2. c4 e5 3. c5 exd4 4. Qxd4 Nc6 5. Qe3+ Qe7 6. Qxe7+ Bxe7 7. Nc3 Be6 8.
Bf4 O-O-O 9. Nb5 Bxc5 10. Bxc7 Bb4+ 11. Kd1 Rd7 12. Bf4 a6 13. Nc3 d4 14. Ne4 f5
15. Ng5 Bd5 16. N5f3 Nf6 17. Ne5 Re7 18. Ngf3 Nxe5 19. Nxe5 Ne4 20. Nd3 Ba5 21.
f3 Nf6 22. b4 Bc7 23. Bxc7 Rxc7 24. Nc5 Nd7 25. Nxd7 Kxd7 26. g3 Re8 27. Kd2 Re3
28. a3 Rcc3 29. Bh3 g6 30. Rhb1 Rxa3 31. Rxa3 Rxa3 32. Bf1 b5 33. h4 h5 34. Bg2
Bc4 35. Bf1 Ra2+ 36. Ke1 Kd6 37. f4 a5 38. bxa5 Rxa5 39. Kf2 Ra2 40. Kf3 Kc5 41.
Rd1 b4 42. Rb1 b3 43. e4 fxe4+ 44. Kxe4 Bxf1 45. Rxf1 b2 46. Rb1 Kc4 0-1

[Event "AUTO-OPEN-4251"]
[Site "http://www.queenalice.com/game.php?id=1758335"]
[Date "2021.5.2"]
[Round "2"]
[White "pizzaiolo72"]
[Black "erig1969"]
[Result "1/2-1/2"]
[WhiteElo "2038"]
[BlackElo "2061"]

1. f4 d5 2. Nf3 c5 3. c4 dxc4 4. Qa4+ Bd7 5. Qxc4 e6 6. Nc3 a6 7. a4 Nf6 8. g3
Be7 9. Bg2 Nc6 10. O-O O-O 11. d4 cxd4 12. Nxd4 Nxd4 13. Qxd4 Qc7 14. Ne4 Nxe4
15. Qxe4 Bc6 16. Qc2 Qb6+ 17. e3 Bxg2 18. Kxg2 Rac8 19. Qe2 Bf6 20. Rb1 Qc6+ 21.
Kh3 Qxa4 22. b4 Qd7 23. Rd1 Qc6 24. Bb2 Bxb2 25. Rxb2 Qe4 26. Rd4 Qf5+ 27. g4
Qf6 28. Rd7 b5 29. Ra7 Ra8 30. Rxa8 Rxa8 31. Ra2 g6 32. Qf3 Qd8 33. Qc6 Qf8 34.
Kg3 Rb8 35. Qc3 Qd6 36. Rd2 Qb6 37. h4 Rd8 38. Re2 Qd6 39. h5 Qd3 40. Qb2 Qc4
41. h6 Kf8 42. g5 Rd5 43. Rc2 Qd3 44. Rc8+ 1/2-1/2

[Event "AUTO-OPEN-4251"]
[Site "http://www.queenalice.com/game.php?id=1758336"]
[Date "2021.5.2"]
[Round "2"]
[White "erig1969"]
[Black "LOMBARDY"]
[Result "1/2-1/2"]
[WhiteElo "2018"]
[BlackElo "2212"]

1. d4 Nf6 2. c4 g6 3. e3 Bg7 4. Nf3 O-O 5. Be2 d6 6. Nc3 c6 7. e4 a6 8. O-O b5
9. d5 b4 10. Na4 Nxe4 11. Rb1 Nc5 12. Nxc5 dxc5 13. Bf4 cxd5 14. cxd5 Bd7 15. d6
exd6 16. Bxd6 Re8 17. Bxc5 a5 18. a3 Na6 19. Be3 Bf5 20. Bxa6 Rxa6 21. Qxd8 Rxd8
22. axb4 Bxb1 23. Rxb1 axb4 24. b3 Rad6 25. g3 Rd1+ 26. Rxd1 Rxd1+ 27. Kg2 Rd3
28. Nd2 Bc3 29. Ne4 f5 30. Nc5 Rd1 31. Kf3 Bd4 32. Na6 Bxe3 33. Kxe3 Kf7 34.
Nxb4 Rb1 35. Nc2 Rxb3+ 36. Kd2 Kf6 37. h4 Ke5 38. Ne1 Ke4 39. Ke2 f4 40. f3+ Kf5
41. g4+ Ke5 42. Nd3+ Rxd3 43. Kxd3 Kd5 44. Kc3 Kc5 45. Kd3 Kd5 46. Kc3 1/2-1/2

[Event "AUTO-OPEN-4251"]
[Site "http://www.queenalice.com/game.php?id=1758337"]
[Date "2021.5.2"]
[Round "2"]
[White "LOMBARDY"]
[Black "erig1969"]
[Result "1-0"]
[WhiteElo "2195"]
[BlackElo "2041"]

1. e4 c5 2. Nf3 a6 3. d4 cxd4 4. Nxd4 g6 5. c4 Bg7 6. Be3 Nf6 7. Nc3 O-O 8. f3
e5 9. Nb3 Nc6 10. Qd2 Re8 11. g4 Kh8 12. h4 Qe7 13. h5 Kg8 14. hxg6 fxg6 15. g5
Nh5 16. Nd5 Qf8 17. Bg2 d6 18. Rxh5 gxh5 19. Nc7 Be6 20. Nxa8 Rxa8 21. O-O-O
Bxc4 22. Qxd6 Bxb3 23. Qxf8+ Bxf8 24. axb3 Na5 25. Bh3 Nxb3+ 26. Kc2 Na5 27.
Be6+ Kh8 28. Rh1 Re8 29. Bf5 Re7 30. Rxh5 Rc7+ 31. Kd3 Nc4 32. Bc1 Nd6 33. Bd2
Nxf5 34. exf5 Rd7+ 35. Ke3 Bc5+ 36. Ke2 Kg7 37. Bc3 Bd4 38. Rh4 b5 39. Bxd4 exd4
40. Kd3 Rd5 41. Ke4 Rd8 42. Kd3 Rd5 43. Ke4 Rd8 44. f6+ Kg6 45. f4 d3 46. Rh6+
Kf7 47. Rxh7+ Kg6 48. Rh1 d2 49. Rd1 a5 50. Ke3 b4 51. Rxd2 Re8+ 52. Kf3 a4 53.
Kg4 a3 54. Rd7 1-0

[Event "AUTO-MASTER-3057"]
[Site "http://www.queenalice.com/game.php?id=1765418"]
[Date "2021.7.27"]
[Round "1"]
[White "Anusha"]
[Black "erig1969"]
[Result "1-0"]
[WhiteElo "1979"]
[BlackElo "1977"]

1. d4 d5 2. Bf4 c5 3. e3 cxd4 4. exd4 a6 5. Nf3 e6 6. Bd3 g6 7. O-O Bg7 8. c3 b5
9. Nbd2 Nf6 10. h3 Nc6 11. Bg5 Qc7 12. Bh4 O-O 13. Re1 Nh5 14. Nf1 Nf4 15. Bg3
Bh6 16. N1h2 Qd8 17. Ng4 Nxd3 18. Nxh6+ Kg7 19. Qxd3 Kxh6 20. Qd2+ Kg7 21. Bf4
f6 22. Bh6+ Kg8 23. Bxf8 Qxf8 24. Qf4 Kg7 25. Qc7+ Ne7 26. Re2 Kg8 27. Rae1 Kf7
28. Nd2 1-0

[Event "AUTO-MASTER-3057"]
[Site "http://www.queenalice.com/game.php?id=1765419"]
[Date "2021.7.27"]
[Round "1"]
[White "erig1969"]
[Black "Anusha"]
[Result "1-0"]
[WhiteElo "1963"]
[BlackElo "1990"]

1. d4 Nf6 2. c4 d6 3. Nf3 Nbd7 4. e3 e5 5. d5 Be7 6. Nc3 O-O 7. Be2 a5 8. O-O
Nc5 9. Qc2 Bg4 10. h3 Bh5 11. a3 Bg6 12. Qd1 h6 13. b3 Rb8 14. b4 axb4 15. axb4
Ncd7 16. Nh4 Bh7 17. Nf3 c6 18. dxc6 bxc6 19. b5 cxb5 20. cxb5 Nc5 21. Nd5 Nxd5
22. Qxd5 Be4 23. Qd1 Bf5 24. Ba3 e4 25. Nd4 Bd7 26. Nc6 Bxc6 27. bxc6 Qc7 28.
Bxc5 dxc5 29. Ra6 Rb6 30. Rxb6 Qxb6 31. Qd5 Rc8 32. Qxe4 Bf6 33. Bg4 Qxc6 34.
Qxc6 Rxc6 35. Bf3 Rc7 36. Rc1 c4 37. Be4 1-0

[Event "AUTO-MASTER-3057"]
[Site "http://www.queenalice.com/game.php?id=1765434"]
[Date "2021.7.27"]
[Round "1"]
[White "Alexandrovinsk"]
[Black "erig1969"]
[Result "1-0"]
[WhiteElo "2286"]
[BlackElo "1992"]

1. c4 c5 2. Nf3 g6 3. g3 Bg7 4. Bg2 e6 5. O-O Nf6 6. Nc3 O-O 7. d3 d6 8. Rb1 a6
9. e4 Nc6 10. Bg5 Qc7 11. a3 Ne7 12. Re1 Nc6 13. Qd2 Ng4 14. h3 Nf6 15. b4 cxb4
16. axb4 Bd7 17. b5 axb5 18. Nxb5 Qb8 19. d4 Nxe4 20. Rxe4 d5 21. cxd5 exd5 22.
Re2 Be6 23. Bf4 Qd8 24. Nc7 Ra7 25. Nxe6 fxe6 26. Rxe6 Qa5 27. Qxa5 Rxa5 28.
Rxb7 Nd8 29. Rxg7+ Kxg7 30. Be5+ Kg8 31. Re7 Nf7 32. Bf6 Nd6 33. Rg7+ Kh8 34.
Rxg6+ Rxf6 35. Rxf6 Ne4 36. Rf7 Ra1+ 37. Bf1 Ra2 38. Ne5 Ra1 39. Kg2 Kg8 40. Bd3
Ra4 41. Bxe4 dxe4 42. Rd7 Ra5 43. d5 Ra2 44. Ng4 Ra4 45. Nf6+ Kf8 46. Nxh7+ Ke8
47. Nf6+ Kf8 48. h4 1-0

[Event "AUTO-MASTER-3057"]
[Site "http://www.queenalice.com/game.php?id=1765435"]
[Date "2021.7.27"]
[Round "1"]
[White "erig1969"]
[Black "Alexandrovinsk"]
[Result "0-1"]
[WhiteElo "1988"]
[BlackElo "2289"]

1. d4 Nf6 2. c4 c6 3. Nc3 d5 4. Nf3 dxc4 5. e4 e6 6. Bxc4 Bb4 7. O-O O-O 8. e5
Nd5 9. Qb3 Be7 10. Bd3 Nd7 11. Ne4 f6 12. exf6 N7xf6 13. Bg5 Nxe4 14. Bxe7 Qxe7
15. Bxe4 Rf4 16. Qc2 Nf6 17. Bd3 Bd7 18. Ng5 h6 19. Nh3 Rxd4 20. f3 e5 21. Nf2
Rd8 22. Ne4 Nd5 23. a3 Nf4 24. Bc4+ Be6 25. Bxe6+ Qxe6 26. b3 Qg6 27. Rac1 Kh8
28. Ng3 Qg5 29. Qf5 Ne2+ 30. Kf2 Nxc1 31. Qxg5 Nd3+ 32. Kg1 hxg5 33. Ne4 Rxe4
34. fxe4 Kg8 35. Rf5 Rd4 36. Rxg5 Rxe4 37. h3 Re1+ 38. Kh2 e4 39. Rg6 Kf7 40.
Rd6 Ke7 41. Rd4 Nf4 42. h4 Nd5 43. Kg3 e3 44. Kf3 Rf1+ 45. Kg3 Kf6 0-1

[Event "AUTO-MASTER-3057"]
[Site "http://www.queenalice.com/game.php?id=1765446"]
[Date "2021.7.27"]
[Round "1"]
[White "erig1969"]
[Black "clovis"]
[Result "0-1"]
[WhiteElo "1984"]
[BlackElo "2085"]

1. d4 d5 2. c4 c6 3. e3 e6 4. Nf3 Nf6 5. Nc3 Nbd7 6. Be2 Bd6 7. c5 Bc7 8. Bd2 e5
9. O-O e4 10. Ne1 O-O 11. g3 h5 12. Bxh5 Nxh5 13. Qxh5 Nf6 14. Qd1 Bg4 15. Qb3
Qd7 16. Ng2 Bf3 17. Nh4 g5 18. Nxf3 exf3 19. Qd1 Ne4 20. Kh1 Kg7 21. Qxf3 Nxd2
22. Qg2 Nxf1 23. Rxf1 g4 24. Ne2 Rh8 25. Nf4 Rh6 26. h4 gxh3 27. Qf3 Bxf4 28.
Qxf4 Qe6 29. Qg5+ Rg6 30. Qf4 Rf6 31. Qg5+ Kf8 32. Qh4 Ke7 33. Kh2 Qe4 34. Qxh3
Qg6 35. Kg2 Qe4+ 36. Kg1 Qg6 37. Qh4 Qh6 38. Qxh6 Rxh6 39. Kg2 b6 40. cxb6 axb6
41. a3 c5 42. Rc1 c4 43. Rc2 b5 44. g4 Rb6 45. Kf3 b4 46. axb4 Rxb4 47. Kf4 Ra2
48. Ke5 Rbxb2 0-1

[Event "AUTO-MASTER-3057"]
[Site "http://www.queenalice.com/game.php?id=1765447"]
[Date "2021.7.27"]
[Round "1"]
[White "clovis"]
[Black "erig1969"]
[Result "0-1"]
[WhiteElo "2027"]
[BlackElo "2025"]

1. e4 c5 2. Nf3 a6 3. d4 cxd4 4. c3 dxc3 5. Nxc3 g6 6. Bc4 Bg7 7. O-O e6 8. Bf4
Nc6 9. e5 Qc7 10. Ne4 h6 11. Nd6+ Kf8 12. Bg3 Qa5 13. Nh4 Nxe5 14. Bxe5 Bxe5 15.
Nxc8 Rxc8 16. Qxd7 Rxc4 17. Nxg6+ fxg6 18. Qxe6 Rc6 0-1

[Event "AUTO-MASTER-3034"]
[Site "http://www.queenalice.com/game.php?id=1765804"]
[Date "2021.7.31"]
[Round "2"]
[White "Takeda"]
[Black "erig1969"]
[Result "1-0"]
[WhiteElo "2040"]
[BlackElo "1998"]

1. e4 c5 2. Nf3 a6 3. d4 cxd4 4. Nxd4 g6 5. Bc4 e6 6. O-O Bg7 7. Nc3 b5 8. Bb3
Bb7 9. a3 d6 10. Be3 Nf6 11. f3 O-O 12. Qd2 e5 13. Nde2 Nc6 14. Rad1 Qc7 15.
Qxd6 Qxd6 16. Rxd6 Na5 17. Rfd1 Nxb3 18. cxb3 Rfe8 19. b4 Bf8 20. Rxf6 Bg7 21.
Rb6 Bc8 22. Rdd6 Be6 23. Rxa6 Rxa6 24. Rxa6 Bc4 25. Kf2 h6 26. Rb6 Rd8 27. Nxb5
Rd3 28. Nec3 Bxb5 29. Rxb5 Rd7 30. Nd5 g5 31. a4 Kh7 32. a5 Kg6 33. a6 Rd6 34.
Rb6 1-0

[Event "AUTO-MASTER-3034"]
[Site "http://www.queenalice.com/game.php?id=1765805"]
[Date "2021.7.31"]
[Round "2"]
[White "erig1969"]
[Black "Takeda"]
[Result "1-0"]
[WhiteElo "2031"]
[BlackElo "2067"]

1. d4 g6 2. c4 Bg7 3. e3 Nf6 4. Nf3 O-O 5. g3 d5 6. cxd5 Nxd5 7. Bg2 Nc6 8. a3
Bg4 9. Nc3 Nxc3 10. bxc3 e5 11. Qc2 exd4 12. cxd4 Qd5 13. Nh4 Qe6 14. Rb1 Rab8
15. O-O Bh3 16. d5 1-0

[Event "AUTO-MASTER-3034"]
[Site "http://www.queenalice.com/game.php?id=1765808"]
[Date "2021.7.31"]
[Round "2"]
[White "tariann"]
[Black "erig1969"]
[Result "1-0"]
[WhiteElo "2202"]
[BlackElo "2006"]

1. e4 c5 2. Nf3 e6 3. d4 cxd4 4. Nxd4 g6 5. c4 Bg7 6. Be3 Nc6 7. Be2 d6 8. Nc3
Nf6 9. Qd2 O-O 10. O-O Nxd4 11. Bxd4 e5 12. Be3 Qd7 13. Rfd1 Ne8 14. Nb5 Qc6 15.
Qd5 Qxd5 16. cxd5 Bd7 17. Nxa7 Nf6 18. f3 Rab8 19. Bb5 Bxb5 20. Nxb5 Rfd8 21.
Bb6 Rd7 22. Bc7 Ra8 23. Bxd6 Ne8 24. Bb4 Rc8 25. Rac1 Rxc1 26. Rxc1 Bf8 27. Bxf8
Kxf8 28. Kf2 Ke7 29. Ke3 Kf6 30. Rc8 Nd6 31. Nxd6 Ke7 32. Nb5 h6 33. Rc7 Rxc7
34. Nxc7 Kd7 35. Nb5 1-0

[Event "AUTO-MASTER-3034"]
[Site "http://www.queenalice.com/game.php?id=1765809"]
[Date "2021.7.31"]
[Round "2"]
[White "erig1969"]
[Black "tariann"]
[Result "0-1"]
[WhiteElo "1984"]
[BlackElo "2221"]

1. d4 d5 2. c4 c5 3. cxd5 Qxd5 4. Nf3 cxd4 5. Qxd4 Nf6 6. e3 Nc6 7. Qxd5 Nxd5 8.
a3 e5 9. Bc4 Be6 10. O-O Be7 11. b4 Bf6 12. e4 Nc7 13. Bxe6 Nxe6 14. Bb2 O-O 15.
Nbd2 Rfd8 16. Nc4 Ned4 17. Nxd4 Nxd4 18. Ne3 Rac8 19. Ng4 Rc2 20. Nxf6+ gxf6 21.
Bxd4 Rxd4 22. Rfe1 Rdd2 23. Rf1 Kf8 24. g3 Ke7 25. a4 Rc4 26. b5 Rxe4 27. Ra3
Rdd4 28. Rc1 Rc4 29. Rxc4 Rxc4 30. Kg2 f5 31. h3 h5 32. Kf3 f6 33. h4 Ke6 34.
Ke3 f4+ 35. Kf3 f5 36. a5 Kd5 37. b6 axb6 38. a6 bxa6 39. Rxa6 Kc5 40. Ra8 fxg3
41. fxg3 b5 42. Ke3 b4 43. Ra5+ Kd6 44. Rb5 f4+ 45. gxf4 Rxf4 0-1

[Event "AUTO-MASTER-3034"]
[Site "http://www.queenalice.com/game.php?id=1765812"]
[Date "2021.7.31"]
[Round "2"]
[White "erig1969"]
[Black "cerenzo72"]
[Result "0-1"]
[WhiteElo "2036"]
[BlackElo "2148"]

1. d4 Nf6 2. c4 e6 3. e3 b6 4. Nf3 Bb7 5. Be2 c5 6. dxc5 bxc5 7. O-O Be7 8. Nc3
O-O 9. Qc2 Nc6 10. a3 d5 11. cxd5 exd5 12. b3 a6 13. Bb2 Qd6 14. Rad1 Rad8 15.
Na4 Rfe8 16. Bd3 h6 17. g3 Na5 18. Be5 Qc6 19. Bxf6 Qxf6 20. Be2 d4 21. Nh4 dxe3
22. fxe3 Qe5 23. Ng2 Bg5 24. Rxd8 Rxd8 25. Qxc5 Qxc5 26. Nxc5 Bxg2 27. Kxg2 Bxe3
28. Nxa6 Nxb3 29. Bc4 Nd2 30. Rd1 Bg5 31. Bb5 Rc8 32. a4 Rc2 33. Nb4 Rb2 34. Nd3
Rc2 35. Kh1 Nf3 0-1

[Event "AUTO-MASTER-3034"]
[Site "http://www.queenalice.com/game.php?id=1765813"]
[Date "2021.7.31"]
[Round "2"]
[White "cerenzo72"]
[Black "erig1969"]
[Result "1-0"]
[WhiteElo "2156"]
[BlackElo "2048"]

1. e4 c5 2. Nf3 a6 3. c3 e6 4. d4 cxd4 5. cxd4 g6 6. Be2 Bg7 7. Nc3 Nf6 8. e5
Ng4 9. h3 Nh6 10. Ne4 O-O 11. O-O Nf5 12. Bg5 Qb6 13. Qd2 d5 14. exd6 Nxd6 15.
Nf6+ Kh8 16. Bh6 Nf5 17. Bxg7+ Kxg7 18. Ng4 Bd7 19. Bd3 Nxd4 20. Qh6+ Kh8 21.
Nf6 1-0

[Event "AUTO-MASTER-3032"]
[Site "http://www.queenalice.com/game.php?id=1766664"]
[Date "2021.8.11"]
[Round "2"]
[White "erig1969"]
[Black "CCapivara"]
[Result "0-1"]
[WhiteElo "2024"]
[BlackElo "2229"]

1. d4 d6 2. c4 Nf6 3. e3 c6 4. Be2 Nbd7 5. Nf3 e5 6. dxe5 dxe5 7. O-O Be7 8. a3
O-O 9. Nc3 Qc7 10. e4 Rd8 11. Qc2 Nc5 12. Bg5 Bg4 13. Bxf6 Bxf6 14. b4 Ne6 15.
h3 Bh5 16. Nh2 Nd4 17. Qb2 Bg6 18. Nf3 h6 19. Nh2 Rd6 20. c5 Rd7 21. Bc4 Rad8
22. Ng4 Be7 23. a4 a5 24. bxa5 Qxa5 25. Nxe5 Kf8 26. Nxd7+ Rxd7 27. Rfe1 Qxc5
28. Qa2 b5 29. axb5 cxb5 30. Bxb5 Nxb5 31. Na4 Qa7 32. Qe2 Nd4 33. Qa2 Rc7 34.
Rad1 Rc2 35. Qa1 Nf3+ 0-1

[Event "AUTO-MASTER-3032"]
[Site "http://www.queenalice.com/game.php?id=1766665"]
[Date "2021.8.11"]
[Round "2"]
[White "CCapivara"]
[Black "erig1969"]
[Result "1-0"]
[WhiteElo "2170"]
[BlackElo "2016"]

1. e4 c5 2. Nf3 a6 3. Be2 g6 4. a3 Bg7 5. O-O Nc6 6. d3 e6 7. c3 d6 8. d4 cxd4
9. cxd4 Nf6 10. Nc3 O-O 11. h3 b5 12. Bg5 Qb6 13. Qd3 Bb7 14. Rac1 Na5 15. e5
dxe5 16. Nxe5 Qd6 17. Rfd1 Nd5 18. Ne4 Qb8 19. Bd2 Qd8 20. Nc5 Bc8 21. b4 Nb7
22. Bc3 Nf4 23. Qe3 Nd5 24. Qf3 Nd6 25. Bb2 Nf5 26. Bd3 Nh4 27. Qg3 Nf5 28. Bxf5
exf5 29. Re1 f4 30. Qb3 Nf6 31. Qf3 Nd5 32. Nc6 Qd6 33. Qxd5 Qc7 34. Ne7+ Kh8
35. Qxa8 Bxh3 36. Qxf8+ Bxf8 37. d5+ Bg7 38. Bxg7+ Kxg7 39. Ne6+ 1-0

[Event "AUTO-MASTER-3032"]
[Site "http://www.queenalice.com/game.php?id=1766666"]
[Date "2021.8.11"]
[Round "2"]
[White "erig1969"]
[Black "edkgpp"]
[Result "0-1"]
[WhiteElo "1980"]
[BlackElo "2490"]

1. d4 d5 2. c4 dxc4 3. e3 Nf6 4. Bxc4 e6 5. Nf3 a6 6. O-O c5 7. Nc3 b5 8. Bb3
Bb7 9. dxc5 Bxc5 10. Bc2 Nbd7 11. a3 Qc7 12. e4 O-O 13. g3 Rac8 14. Bf4 e5 15.
Bd2 h6 16. Qe2 Rfd8 17. Bb3 Nb6 18. Rac1 Nc4 19. Bxc4 bxc4 20. Be1 Bd4 21. Qc2
Bxc3 0-1

[Event "AUTO-MASTER-3032"]
[Site "http://www.queenalice.com/game.php?id=1766667"]
[Date "2021.8.11"]
[Round "2"]
[White "edkgpp"]
[Black "erig1969"]
[Result "1-0"]
[WhiteElo "2476"]
[BlackElo "1961"]

1. e4 c5 2. Nf3 a6 3. d4 cxd4 4. Nxd4 g6 5. c4 Bg7 6. Nc3 Nc6 7. Be3 e6 8. Be2
d6 9. Nxc6 bxc6 10. Qd2 Bb7 11. Rd1 Bf8 12. Bg5 Qc7 13. c5 d5 14. Qd4 e5 15. Qa4
d4 16. Nd5 Qb8 17. Qa5 Be7 18. Bxe7 Nxe7 19. Nf6+ 1-0

[Event "AUTO-OPEN-3891"]
[Site "http://www.queenalice.com/game.php?id=1768399"]
[Date "2021.8.31"]
[Round "3"]
[White "ratorei"]
[Black "erig1969"]
[Result "1/2-1/2"]
[WhiteElo "2066"]
[BlackElo "1959"]

1. e4 c5 2. Nf3 g6 3. d4 cxd4 4. Qxd4 Nf6 5. e5 Nc6 6. Qf4 Nh5 7. Qe4 e6 8. Be2
f5 9. exf6 Nxf6 10. Qh4 Bg7 11. O-O O-O 12. Bg5 Qb6 13. Bc1 Qb4 14. Qxb4 Nxb4
15. Na3 Nfd5 16. c3 Nc6 17. Nc4 b5 18. Nd6 a6 19. Ng5 Nce7 20. c4 bxc4 21. Bxc4
Rb8 22. Rb1 Nc3 23. Ra1 Na4 24. Bb3 Nc5 25. Bc4 Bb7 26. Rb1 Nf5 27. Nxb7 Rxb7
28. b4 a5 29. a3 Na4 30. b5 Nc5 31. Re1 h6 32. Nf3 d5 33. Bf1 Re8 34. Ne5 Bxe5
35. Rxe5 Kh7 36. g4 Nh4 37. Be2 Ne4 38. Kf1 Nc3 39. Rb3 Nxe2 40. Kxe2 g5 41. a4
Ng6 42. Ree3 Nf4+ 43. Kf3 Ree7 44. h4 e5 45. hxg5 hxg5 46. Re1 e4+ 47. Kg3 Nd3
48. Rd1 Nxc1 49. Rxc1 d4 50. Kg2 d3 51. Rd1 Red7 52. f3 exf3+ 53. Kxf3 Rd4 54.
Rdxd3 Rxa4 55. Rd5 Rb4 56. Rxb4 axb4 57. Ke3 b3 58. Rxg5 b2 59. Rh5+ Kg6 60. Rh1
Rxb5 61. Rb1 Kg5 62. Kd3 Kxg4 63. Kc3 1/2-1/2

[Event "AUTO-OPEN-3891"]
[Site "http://www.queenalice.com/game.php?id=1768400"]
[Date "2021.8.31"]
[Round "3"]
[White "erig1969"]
[Black "ratorei"]
[Result "1-0"]
[WhiteElo "1972"]
[BlackElo "2079"]

1. d4 Nf6 2. c4 e6 3. e3 Ne4 4. Nf3 d5 5. a3 c6 6. g3 Nd7 7. c5 Be7 8. Bg2 f5 9.
Nc3 Ndf6 10. Nd2 O-O 11. Ndxe4 fxe4 12. Bd2 e5 13. O-O Bg4 14. Qb3 exd4 15. exd4
Qd7 16. Be3 a5 17. Na4 Ra6 18. Nb6 Qd8 19. Na4 Be2 20. Rfe1 Bc4 21. Qxb7 Qd7 22.
Qxd7 Nxd7 23. Bf1 Bxf1 24. Rxf1 Rf3 25. Kg2 Nf6 26. Nb6 Ng4 27. Bf4 Bd8 28. Na4
g5 29. Be3 Nxe3+ 30. fxe3 Rxe3 31. Nc3 Ra7 32. Rab1 Rb7 33. Rfc1 g4 34. b4 axb4
35. axb4 Kf7 36. b5 cxb5 37. Nxb5 Be7 38. c6 Rb8 39. c7 Rc8 40. Na7 Rxc7 41.
Rxc7 Kf6 42. Rf1+ Ke6 43. Nc6 Bd6 44. Rxh7 Ba3 45. Rh6+ Kd7 46. Rf7+ 1-0